|
|
|
|
| LEADER |
01003cam a2200277 4500 |
| 008 |
701231s1971 nyu bd 001 0 eng |
| 010 |
|
|
|a 70124358
|
| 020 |
|
|
|a 0030765854
|
| 082 |
0 |
0 |
|a 803
|
| 100 |
1 |
|
|a Abrams, M. H.
|
| 245 |
1 |
2 |
|a A glossary of literary terms
|c [by] M. H. Abrams.
|
| 250 |
|
|
|a 3d ed.
|
| 260 |
|
|
|a New York,
|b Holt, Rinehart and Winston
|c [1971]
|
| 300 |
|
|
|a vi, 193 p.
|c 23 cm.
|
| 490 |
0 |
|
|a Rinehart English pamphlets
|
| 500 |
|
|
|a Based on the original version by D. S. Norton and P. Rushton.
|
| 504 |
|
|
|a Includes bibliographical references.
|
| 650 |
|
0 |
|a Criticism
|v Terminology.
|
| 650 |
|
0 |
|a English language
|v Terms and phrases.
|
| 650 |
|
0 |
|a Literary form
|v Terminology.
|
| 650 |
|
0 |
|a Literature
|v Terminology.
|
| 700 |
1 |
|
|a Norton, Daniel Silas,
|
| 906 |
|
|
|a 7
|b cbc
|c orignew
|d 2
|e ncip
|f 19
|g y-gencatlg
|
| 942 |
|
|
|c REF
|
| 999 |
|
|
|c 200698
|d 200698
|
| 952 |
|
|
|0 0
|1 0
|4 0
|6 803_000000000000000
|7 0
|9 222131
|a ENG
|b ENG
|c REF
|d 2017-05-31
|i 9316
|l 0
|o 803
|p ENG9316
|r 2017-05-31
|w 2017-05-31
|y REF
|